Combien de fois pouvez vous taper "caoutchouc" ? - Statistiques

Statistiques générales
  • Ce quiz a été pris 73 fois
  • Le résultat moyen est 56 sur 70
Statistiques - réponses
Réponse % Correct
C
100%
A
98%
C
98%
C
98%
H
98%
O
98%
O
98%
T
98%
U
98%
U
98%
A
95%
C
95%
C
95%
C
95%
H
95%
O
95%
O
95%
T
95%
U
95%
U
95%
C
93%
A
90%
O
90%
C
88%
H
88%
T
88%
U
88%
C
83%
O
83%
U
83%
A
80%
C
80%
C
80%
H
80%
O
80%
T
80%
U
80%
C
78%
O
78%
U
78%
A
75%
C
75%
O
70%
U
70%
A
68%
C
68%
C
68%
C
68%
H
68%
O
68%
O
68%
T
68%
T
68%
U
68%
U
68%
C
65%
H
65%
A
63%
C
63%
C
63%
C
63%
H
63%
O
63%
O
63%
O
63%
T
63%
U
63%
U
63%
U
63%
C
60%
Aucun quiz correspondant
Distribution des résultats
% des personnes avec chaque résultat
Percentile par nombre de réponses
Votre historique - résultats
Vous n’avez pas pris ce quiz